Statistics for Paul Thomas Anderson Movies Quiz

Click here to take the quiz!

General Stats

  • This quiz has been taken 16 times
  • The average score is 7 of 8

Answer Stats

Year Star Movie % Correct
2012Joaquin PhoenixThe Master
100%
2007Daniel Day-LewisThere Will Be Blood
100%
1997Mark WahlbergBoogie Nights
100%
2017Daniel Day-LewisPhantom Thread
93%
1999Tom CruisMagnolia
93%
2002Adam SandlerPunch-Drunk Love
86%
2014Joaquin PhoenixInherent Vice
79%
1996John C. ReillyHard Eight
79%

Score Distribution

Percentile by Number Answered

Percent of People with Each Score

Your Score History

You have not taken this quiz